| 000 | 00803cam a2200241ua 4500 | ||
|---|---|---|---|
| 001 | 23272 | ||
| 008 | 190701n2015 II |||gr||||Z||||||eng | ||
| 041 | _aeng | ||
| 082 | _a339 | ||
| 100 | 1 | _aMUKHERJEE, DEBES. | |
| 245 |
_aMACRO ECONOMICS AND ADVANCED BUSINESS MATHEMATICS _hTextual Documents |
||
| 250 | _a2ND. | ||
| 260 |
_aNEW DELHI _bNCBA (NEW CENTRAL BOOK AGENCY) _c2015 |
||
| 300 |
_a208.: _c20CM. |
||
| 500 | _aRUSA | ||
| 653 | _aMacroeconomics & related topics | ||
| 700 | 1 | _aMUKHERJEE, DEBES. | |
| 700 | _aMOLLAH, S.ALI. | ||
| 999 |
_c26520 _d26520 |
||